| 000 | 00676cab a22001935a 4500 | ||
|---|---|---|---|
| 001 | L158556 | ||
| 008 | 150424e20150404xxk 000 0 eng d | ||
| 035 | _a(Sirsi) u158556 | ||
| 041 | 0 | _aeng | |
| 100 | 1 | _aPuckett, Katie | |
| 245 | 0 | 4 |
_aThe report _bTransport Infrastructure |
| 260 | _c2015 | ||
| 490 |
_aEstates Gazette _v(1513) 4 April 2015, 36-41(6) |
||
| 520 | _aProspects for infrastructure schemes after the 2015 general election. Includes information from the five main parties about how they would improve the UK's infrastructure if they formed the next government. | ||
| 590 | _aKA | ||
| 651 | 4 | _aUnited Kingdom | |
| 690 |
_aInfrastructure _96246 |
||
| 942 | _n0 | ||
| 999 |
_c84623 _d84623 |
||